Clicca le Regioni Italiane su una Mappa - Statistics

Statistiche generali
  • Questo quiz è stato fatto 300 volte
  • Il punteggio medio è 18 su 20
Risposte nella Mappa
Le risposte nella mappa del quiz sottostante sono codificate secondo una scala di colori dal rosso al verde in base alla % di persone che hanno risposto correttamente.
 
Statistiche sulle risposte
Risposta % Corretto
Sicilia
96%
Sardegna
95%
Lazio
94%
Lombardia
94%
Toscana
94%
Calabria
93%
Piemonte
93%
Emilia-Romagna
92%
Friuli-Venezia Giulia
92%
Basilicata
91%
Liguria
91%
Marche
91%
Puglia
91%
Valle d'Aosta
91%
Veneto
91%
Campania
90%
Trentino-Alto Adige
90%
Umbria
90%
Molise
88%
Abruzzo
83%
Nessun quiz corrispondente trovato
Distribuzione punteggi
Percentuale di utenti per punteggio
Percentile per numero di risposta
I tuoi punteggi nel tempo
Non hai fatto questo quiz